000 00317nam a22001217a 4500
020 _a9789380235806
082 _a664.033
_bRAJ/FO
100 _aRaj, Dev
_9658
245 _aFood Science and Technology: Glossary of Preeminence
260 _aNew Delhi
_bNew India Publishing Agency
_c2011
300 _a387
942 _cREF
999 _c13777
_d13777